Zawodnicy NBA z najwiekszą zdobyczą punktową w jednej grze. - Statystyki

Ogólne statystyki
  • Ten quiz został rozwiązany 306 razy
  • Średni wynik to 8 z 12
Statystyki odpowiedzi
Ilość punktów Sezon Zawodnik % Poprawnych
81 2005 - 06 Kobe Bryant
98%
100 1961 - 62 Wilt Chamberlain
89%
78 1961 - 62 Wilt Chamberlain
89%
73 1962 - 63 Wilt Chamberlain
89%
73 1961 - 62 Wilt Chamberlain
89%
72 1962 - 63 Wilt Chamberlain
89%
71 2022 - 23 Damian Lillard
59%
70 2016 - 17 Devin Booker
59%
71 2022-23 Donovan Mitchell
51%
71 1993 - 94 David Robinson
23%
73 1977 - 78 David Thompson
19%
71 1960 - 61 Elgin Baylor
17%
Nie znaleziono quizów pasujących do podanych kryteriów
Rozkład punktacji
Procent ludzi z każdym wynikiem
Percentyl według liczby udzielonych odpowiedzi
Twoja historia wyników
Nie rozwiązałeś tego quizu